Giải tích 12: Sách giáo viên/
.
Đã lưu trong:
| Tác giả chính: | |
|---|---|
| Định dạng: | Sách |
| Năm xuất bản: |
H.:
Giáo dục,
2008.-
|
| Chủ đề: | |
| Tags: |
Thêm thẻ
Không có thẻ, Hãy là người đầu tiên gắn thẻ bản ghi này!
|
| LEADER | 01297nam a2200193 4500 | ||
|---|---|---|---|
| 082 | |a 515.071 |b Gi 103 t | ||
| 100 | |a . | ||
| 245 | |a Giải tích 12: |b Sách giáo viên/ |c Trần Văn Hạo tổng chủ biên, Vũ Tuấn chủ biên,Lê Thị Thiên Hương,...- | ||
| 260 | |a H.: |b Giáo dục, |c 2008.- | ||
| 300 | |a 183tr.; |c 24cm | ||
| 520 | |a . | ||
| 653 | |a Giải tích toán học | ||
| 942 | |2 ddc |c STK0 | ||
| 999 | |c 12072 |d 12072 | ||
| 952 | |0 0 |1 0 |2 ddc |4 0 |6 515_071000000000000_GI_103_T |7 0 |8 500 |9 102631 |a qbu |b qbu |c D3 |d 2015-12-14 |g 8200 |o 515.071 Gi 103 t |p 11476.c1 |r 0000-00-00 |w 2015-12-14 |y STK0 | ||
| 952 | |0 0 |1 0 |2 ddc |4 0 |6 515_071000000000000_GI_103_T |7 0 |8 500 |9 102632 |a qbu |b qbu |c D3 |d 2015-12-14 |g 8200 |l 4 |m 1 |o 515.071 Gi 103 t |p 11476.c2 |r 2020-02-19 |s 2020-01-13 |w 2015-12-14 |y STK0 | ||
| 952 | |0 0 |1 0 |2 ddc |4 0 |6 515_071000000000000_GI_103_T |7 0 |8 500 |9 102633 |a qbu |b qbu |c D3 |d 2015-12-14 |g 8200 |l 2 |o 515.071 Gi 103 t |p 11476.c3 |r 2020-02-17 |s 2020-02-04 |w 2015-12-14 |y STK0 | ||
| 952 | |0 0 |1 0 |2 ddc |4 0 |6 515_071000000000000_GI_103_T |7 0 |8 500 |9 102634 |a qbu |b qbu |c D3 |d 2015-12-14 |g 8200 |l 2 |o 515.071 Gi 103 t |p 11476.c4 |r 2018-05-14 |s 2018-05-14 |w 2015-12-14 |y STK0 | ||
| 952 | |0 0 |1 0 |2 ddc |4 0 |6 515_071000000000000_GI_103_T |7 0 |8 500 |9 102635 |a qbu |b qbu |c D3 |d 2015-12-14 |g 8200 |l 1 |o 515.071 Gi 103 t |p 11476.c5 |r 2015-12-17 |s 2015-12-16 |w 2015-12-14 |y STK0 | ||